| 000 | 00958nam a2200241 a 4500 | ||
|---|---|---|---|
| 999 |
_c11699 _d11699 |
||
| 001 | 11699 | ||
| 003 | BD-JhCC | ||
| 005 | 20200723094122.0 | ||
| 008 | 200723b2017 bg a|||| ||a| 000 0 mul d | ||
| 020 | _a9789849266112 | ||
| 035 | _a(BD-JhCC)11699 | ||
| 040 |
_aBD-JhCC _dBD-JhCC |
||
| 041 | _amul | ||
| 082 |
_a004.03 _bMOH 2017 |
||
| 100 | _aমোহাম্মদ, গাজী ইয়ার | ||
| 245 |
_aমাস্টার পাসওয়ার্ড: _bসমৃদ্ধ জীবন ও সফল ক্যারিয়ারের কার্যকরী কৌশল / _cগাজী ইয়ার মোহাম্মদ, এম মোর্শেদ হায়দার । |
||
| 260 |
_aঢাকা: _bআদর্শ; _c২০১৭. |
||
| 300 |
_a194 p. : _bill; _c24 cm. |
||
| 650 |
_a Computers _zDictionaries |
||
| 700 | _a হায়দার,এম মোর্শেদ | ||
| 942 |
_2ddc _cBK |
||